Library Banner

Menarah noor = مینارہ نور / (Record no. 134242)

MARC details
000 -LEADER
fixed length control field 00492nam a22001457a 4500
005 - DATE AND TIME OF LATEST TRANSACTION
control field 20240531102859.0
008 - FIXED-LENGTH DATA ELEMENTS--GENERAL INFORMATION
fixed length control field 240531b ||||| |||| 00| 0 eng d
040 ## - CATALOGING SOURCE
Transcribing agency PK-LaUMT
082 ## - DEWEY DECIMAL CLASSIFICATION NUMBER
Classification number APC 297.4
Item number RIA-M
100 ## - MAIN ENTRY--PERSONAL NAME
Personal name Riaz Ahmad Gohar Shahi =ریاض احمد گوہر شاہی
245 ## - TITLE STATEMENT
Title Menarah noor = مینارہ نور /
Statement of responsibility, etc by Riaz Ahmad Gohar Shahi =ریاض احمد گوہر شاہی
260 ## - PUBLICATION, DISTRIBUTION, ETC. (IMPRINT)
Place of publication, distribution, etc NA :
Name of publisher, distributor, etc Sirfroosh Publications Pakistan,
Date of publication, distribution, etc 2004
300 ## - PHYSICAL DESCRIPTION
Extent 64 p.
942 ## - ADDED ENTRY ELEMENTS (KOHA)
Koha item type Books
Holdings
Withdrawn status Lost status Damaged status Home library Current library Date acquired Full call number Barcode Date last seen Price effective from Koha item type
      UMT Main Campus UMT Main Campus 2024-05-31 APC 297.4 RIA-M 146713 2024-05-31 2024-05-31 Books